000 00849nas a2200277 4500
001 BR2012006506
003 BR-BrBNA
005 20231205121052.0
007 ta
008 230509b bl.|||p| |||| 00| 00por d
040 _aBR-BrBNA
_bpor
_cBiblioteca Nacional de Agricultura
041 _a(Pt)
072 _aF60; H60
100 1 _aMeschede, D.K.
100 1 _aVelini, E.D.
100 1 _aCarbonari, C.A.
100 1 _aMoraes, C.P.
245 1 _aTeores de lignina e celulose em plantas de cana-de-açúcar em função da aplicação de maturadores
650 _aCANA DE AÇÚCAR
650 _aANÁLISE QUÍMICA
650 _aLIGNINA
650 _aHERBICIDA
773 0 _tPlanta Daninha (Brazil)
_xISSN 0100-8358
_g(Jan-Mar 2012), v. 30(1) p. 121-127
_wBR2012006506
909 _a202311
_bLúcia
_c55
_dLúcia Elande
942 _2AGRIS
_n0
_cANA
999 _c221690
_d221690